[Event "DEM U10w 2023"]
[Site "Willingen GER"]
[Date "2023.05.28"]
[Round "1"]
[White "Tiuca, Emma"]
[Black "Eßers, Mathilda Marie"]
[Result "1-0"]
[Termination "normal"]
[Board "16"]
[WhiteElo "1149"]
[BlackElo "755"]
[WhiteClock "01:20:46"]
[BlackClock "01:15:18"]
[PlyCount "55"]
[WhiteFideId "4007549"]
[BlackFideId "34684093"]
[EventCountry "GER"]
[EventRounds "11"]
[EventType "swiss"]
[EventDate "2023.05.27"]

1. e4 {[%clk 01:15:59]} c5 {[%clk 01:15:59]} {[%emt 00:00:02]} 2. Nf3 {[%clk
01:16:15]} {[%emt 00:00:14]} e6 {[%clk 01:16:22]} {[%emt 00:00:07]} 3. d4
{[%clk 01:16:38]} {[%emt 00:00:06]} cxd4 {[%clk 01:16:42]} {[%emt 00:00:11]} 4.
Nxd4 {[%clk 01:17:01]} {[%emt 00:00:06]} Nc6 {[%clk 01:16:56]} {[%emt
00:00:17]} 5. Nxc6 {[%clk 01:17:17]} {[%emt 00:00:14]} bxc6 {[%clk 01:17:11]}
{[%emt 00:00:14]} 6. Nc3 {[%clk 01:17:40]} {[%emt 00:00:08]} d6 {[%clk
01:17:30]} {[%emt 00:00:12]} 7. Bd3 {[%clk 01:17:58]} {[%emt 00:00:12]} Be7
{[%clk 01:17:41]} {[%emt 00:00:18]} 8. Be3 {[%clk 01:18:19]} {[%emt 00:00:08]}
Nf6 {[%clk 01:18:05]} {[%emt 00:00:07]} 9. O-O {[%clk 01:18:25]} {[%emt
00:00:23]} O-O {[%clk 01:18:10]} {[%emt 00:00:26]} 10. h3 {[%clk 01:18:44]}
{[%emt 00:00:11]} h6 {[%clk 01:18:59]} {[%emt 00:00:13]} 11. Qd2 {[%clk
01:19:32]} {[%emt 00:00:09]} Bd7 {[%clk 01:19:11]} {[%emt 00:00:19]} 12. Rad1
{[%clk 01:19:46]} {[%emt 00:00:16]} d5 {[%clk 01:19:13]} {[%emt 00:00:28]} 13.
exd5 {[%clk 01:20:03]} {[%emt 00:00:12]} cxd5 {[%clk 01:19:27]} {[%emt
00:00:16]} 14. Rfe1 {[%clk 01:20:11]} {[%emt 00:00:23]} e5 {[%clk 01:19:06]}
{[%emt 00:00:51]} 15. Bxh6 {[%clk 01:18:44]} {[%emt 00:01:57]} gxh6 {[%clk
01:18:58]} {[%emt 00:00:37]} 16. Qxh6 {[%clk 01:18:57]} {[%emt 00:00:16]} e4
{[%clk 01:19:13]} {[%emt 00:00:18]} 17. Be2 {[%clk 01:19:13]} {[%emt 00:00:12]}
Rb8 {[%clk 01:19:12]} {[%emt 00:00:25]} 18. Rb1 {[%clk 01:18:22]} {[%emt
00:01:27]} d4 {[%clk 01:18:44]} {[%emt 00:00:59]} 19. Qg5+ {[%clk 01:18:12]}
{[%emt 00:00:37]} Kh8 {[%clk 01:18:58]} {[%emt 00:00:19]} 20. Qh4+ {[%clk
01:18:09]} {[%emt 00:00:26]} Nh7 {[%clk 01:19:12]} {[%emt 00:00:23]} 21. Qxe4
{[%clk 01:18:17]} {[%emt 00:00:20]} Ng5 {[%clk 01:19:13]} {[%emt 00:00:31]} 22.
Qxd4+ {[%clk 01:18:18]} {[%emt 00:00:28]} Bf6 {[%clk 00:00:00]} {[%emt
00:02:37]} 23. Qf4 {[%clk 01:20:29]} {[%emt 00:00:42]} Nh7 {[%clk 01:18:27]}
{[%emt 00:01:37]} 24. Bd3 {[%clk 01:20:33]} {[%emt 00:00:27]} Bg5 {[%clk
01:17:38]} {[%emt 00:01:08]} 25. Qf3 {[%clk 01:20:34]} {[%emt 00:00:36]} Rc8
{[%clk 01:16:42]} {[%emt 00:01:23]} 26. Qh5 {[%clk 01:20:41]} {[%emt 00:00:20]}
Kg7 {[%clk 01:15:06]} {[%emt 00:02:16]} 27. Qxh7+ {[%clk 01:20:46]} {[%emt
00:00:22]} Kf6 {[%clk 01:15:18]} {[%emt 00:00:18]} 28. Nd5# {[%emt 00:02:55]}
1-0

[Event "DEM U10w 2023"]
[Site "Willingen GER"]
[Date "2023.05.28"]
[Round "1"]
[White "Buntin, Amelia Bernadette"]
[Black "Birkenheier, Larissa"]
[Result "0-1"]
[Termination "normal"]
[Board "17"]
[WhiteElo "737"]
[BlackElo "1210"]
[WhiteClock "01:18:48"]
[BlackClock "00:51:36"]
[PlyCount "68"]
[WhiteFideId "34649581"]
[BlackFideId "34626379"]
[EventCountry "GER"]
[EventRounds "11"]
[EventType "swiss"]
[EventDate "2023.05.27"]

1. e4 {[%clk 01:15:58]} {[%emt 00:00:01]} e5 {[%clk 01:15:53]} {[%emt
00:00:08]} 2. Nf3 {[%clk 01:16:23]} {[%emt 00:00:04]} Nc6 {[%clk 01:16:07]}
{[%emt 00:00:17]} 3. Nc3 {[%clk 01:16:50]} {[%emt 00:00:03]} Nf6 {[%clk
01:16:14]} {[%emt 00:00:22]} 4. Bb5 {[%clk 01:17:10]} {[%emt 00:00:11]} a6
{[%clk 01:15:47]} {[%emt 00:00:58]} 5. Ba4 {[%clk 01:17:13]} {[%emt 00:00:26]}
Bc5 {[%clk 01:15:28]} {[%emt 00:00:48]} 6. Nxe5 {[%clk 01:17:32]} {[%emt
00:00:11]} Nxe5 {[%clk 01:14:30]} {[%emt 00:01:28]} 7. d4 {[%clk 01:15:26]}
{[%emt 00:02:36]} Bxd4 {[%clk 01:13:43]} {[%emt 00:01:17]} 8. Qxd4 {[%clk
01:15:44]} {[%emt 00:00:11]} Nc6 {[%clk 01:12:35]} {[%emt 00:01:39]} 9. Bxc6
{[%clk 01:15:49]} {[%emt 00:00:25]} dxc6 {[%clk 01:10:54]} {[%emt 00:02:11]}
10. Qxd8+ {[%clk 01:15:30]} {[%emt 00:00:49]} Kxd8 {[%clk 01:11:18]} {[%emt
00:00:06]} 11. O-O {[%clk 01:15:47]} {[%emt 00:00:12]} Re8 {[%clk 01:11:15]}
{[%emt 00:00:34]} 12. Rd1+ {[%clk 01:16:09]} {[%emt 00:00:08]} Bd7 {[%clk
01:11:19]} {[%emt 00:00:26]} 13. Bg5 {[%clk 01:16:28]} {[%emt 00:00:10]} h6
{[%clk 01:10:52]} {[%emt 00:00:58]} 14. Bxf6+ {[%clk 01:16:47]} {[%emt
00:00:10]} gxf6 {[%clk 01:11:18]} {[%emt 00:00:04]} 15. h3 {[%clk 01:16:24]}
{[%emt 00:00:53]} Rg8 {[%clk 01:11:02]} {[%emt 00:00:46]} 16. Rd2 {[%clk
01:16:44]} {[%emt 00:00:11]} Ke7 {[%clk 01:08:39]} {[%emt 00:02:53]} 17. Rad1
{[%clk 01:16:57]} {[%emt 00:00:17]} Bxh3 {[%clk 01:04:59]} {[%emt 00:04:09]}
18. Ne2 {[%clk 01:16:10]} {[%emt 00:01:17]} Rxg2+ {[%clk 01:04:28]} {[%emt
00:01:02]} 19. Kh1 {[%clk 01:16:29]} {[%emt 00:00:11]} Rxf2 {[%clk 01:01:29]}
{[%emt 00:03:29]} 20. Rd3 {[%clk 01:16:47]} {[%emt 00:00:12]} Bg2+ {[%clk
01:01:03]} {[%emt 00:00:56]} 21. Kg1 {[%clk 01:16:55]} {[%emt 00:00:22]} Rxe2
{[%clk 01:01:04]} {[%emt 00:00:29]} 22. Rd7+ {[%clk 01:17:10]} {[%emt
00:00:14]} Ke6 {[%clk 01:00:56]} {[%emt 00:00:39]} 23. Rxc7 {[%clk 01:17:24]}
{[%emt 00:00:16]} Rg8 {[%clk 01:00:29]} {[%emt 00:00:57]} 24. Rcd7 {[%clk
01:17:21]} {[%emt 00:00:34]} Bf3+ {[%clk 00:56:37]} {[%emt 00:04:21]} 25. Kf1
{[%clk 01:17:18]} {[%emt 00:00:10]} Rgg2 {[%clk 00:53:27]} {[%emt 00:04:04]}
26. R7d6+ {[%clk 01:17:24]} {[%emt 00:00:24]} Ke5 {[%clk 00:52:59]} {[%emt
00:00:58]} 27. Rd8 {[%clk 01:17:24]} {[%emt 00:00:30]} Ref2+ {[%clk 00:53:00]}
{[%emt 00:00:29]} 28. Ke1 {[%clk 01:17:37]} {[%emt 00:00:17]} Bxd1 {[%clk
00:52:30]} {[%emt 00:00:59]} 29. Rxd1 {[%clk 01:17:45]} {[%emt 00:00:22]} Rxc2
{[%clk 00:52:26]} {[%emt 00:00:34]} 30. Kf1 {[%clk 01:18:00]} {[%emt 00:00:16]}
Kxe4 {[%clk 00:52:05]} {[%emt 00:00:51]} 31. Re1+ {[%clk 01:18:16]} {[%emt
00:00:14]} Kf3 {[%clk 00:51:56]} {[%emt 00:00:39]} 32. Re7 {[%clk 01:18:10]}
{[%emt 00:00:36]} Rc1+ {[%clk 00:51:34]} {[%emt 00:00:51]} 33. Re1 {[%clk
01:18:25]} {[%emt 00:00:15]} Rf2+ {[%clk 00:51:48]} {[%emt 00:00:16]} 34. Kg1
{[%clk 01:18:48]} {[%emt 00:00:07]} Rxe1# {[%clk 00:51:36]} {[%emt 00:00:07]}
0-1

[Event "DEM U10w 2023"]
[Site "Willingen GER"]
[Date "2023.05.28"]
[Round "2"]
[White "Shynkar, Daria"]
[Black "Tiuca, Emma"]
[Result "1-0"]
[Termination "normal"]
[Board "3"]
[WhiteElo "1179"]
[BlackElo "1149"]
[WhiteClock "00:43:41"]
[BlackClock "01:13:02"]
[PlyCount "123"]
[WhiteFideId "34163212"]
[BlackFideId "4007549"]
[EventCountry "GER"]
[EventRounds "11"]
[EventType "swiss"]
[EventDate "2023.05.27"]

1. d4 {[%clk 01:15:59]} e6 {[%clk 01:15:51]} {[%emt 00:00:09]} 2. c4 {[%clk
01:16:25]} {[%emt 00:00:04]} d5 {[%clk 01:16:10]} {[%emt 00:00:11]} 3. Nc3
{[%clk 01:16:52]} {[%emt 00:00:04]} c6 {[%clk 01:16:30]} {[%emt 00:00:09]} 4.
b3 {[%clk 01:17:16]} {[%emt 00:00:07]} f5 {[%clk 01:16:47]} {[%emt 00:00:12]}
5. Nf3 {[%clk 01:17:33]} {[%emt 00:00:13]} Nf6 {[%clk 01:17:04]} {[%emt
00:00:13]} 6. Bg5 {[%clk 01:17:37]} {[%emt 00:00:26]} Be7 {[%clk 01:17:19]}
{[%emt 00:00:14]} 7. Qc2 {[%clk 01:17:16]} {[%emt 00:00:52]} Ne4 {[%clk
01:17:22]} {[%emt 00:00:25]} 8. Bxe7 {[%clk 01:17:31]} {[%emt 00:00:17]} Qxe7
{[%clk 01:17:34]} {[%emt 00:00:16]} 9. e3 {[%clk 01:16:58]} {[%emt 00:01:05]}
Nd7 {[%clk 01:17:51]} {[%emt 00:00:12]} 10. c5 {[%clk 01:11:29]} {[%emt
00:05:59]} O-O {[%clk 01:18:06]} {[%emt 00:00:13]} 11. Be2 {[%clk 01:10:23]}
{[%emt 00:01:38]} Ndf6 {[%clk 01:18:19]} {[%emt 00:00:17]} 12. O-O {[%clk
01:08:55]} {[%emt 00:01:59]} Nxc3 {[%clk 01:18:28]} {[%emt 00:00:19]} 13. Qxc3
{[%clk 01:09:04]} {[%emt 00:00:23]} Ne4 {[%clk 01:18:41]} {[%emt 00:00:16]} 14.
Qc2 {[%clk 01:09:13]} {[%emt 00:00:20]} Bd7 {[%clk 01:18:43]} {[%emt 00:00:29]}
15. Ne5 {[%clk 01:08:34]} {[%emt 00:01:10]} Rad8 {[%clk 01:18:30]} {[%emt
00:00:40]} 16. Rab1 {[%clk 01:01:58]} {[%emt 00:07:09]} Qf6 {[%clk 01:16:57]}
{[%emt 00:01:59]} 17. b4 {[%clk 00:54:36]} {[%emt 00:07:56]} Rfe8 {[%clk
01:15:43]} {[%emt 00:01:44]} 18. b5 {[%emt 00:04:17]} Re7 {[%clk 01:11:58]}
{[%emt 00:00:17]} 19. bxc6 {[%clk 00:53:53]} Bxc6 20. Nxc6 bxc6 {[%clk
01:12:25]} 21. Rb2 {[%clk 00:53:13]} {[%emt 00:01:11]} Qf8 {[%clk 01:11:07]}
{[%emt 00:01:46]} 22. Qa4 {[%clk 00:53:21]} {[%emt 00:00:22]} Rc7 {[%clk
01:11:05]} {[%emt 00:00:31]} 23. Qa5 {[%clk 00:51:56]} {[%emt 00:01:57]} Rdc8
{[%clk 01:11:22]} {[%emt 00:00:12]} 24. Rfb1 {[%clk 00:51:42]} {[%emt
00:00:45]} Qd8 {[%clk 01:11:10]} {[%emt 00:00:39]} 25. Ba6 {[%clk 00:51:33]}
{[%emt 00:00:41]} Ra8 {[%clk 01:11:19]} {[%emt 00:00:17]} 26. f3 {[%clk
00:48:04]} {[%emt 00:04:04]} Ng5 {[%clk 01:11:23]} {[%emt 00:00:21]} 27. Bb7
{[%clk 00:47:20]} {[%emt 00:01:19]} Rb8 {[%clk 01:11:42]} {[%emt 00:00:11]} 28.
Bxc6 {[%clk 00:42:52]} {[%emt 00:04:58]} Rxb2 {[%clk 01:11:01]} {[%emt
00:01:09]} 29. Rxb2 {[%clk 00:43:08]} {[%emt 00:00:16]} Qc8 {[%clk 01:10:48]}
{[%emt 00:00:42]} 30. Ba4 {[%clk 00:42:34]} {[%emt 00:01:05]} h6 {[%clk
01:10:10]} {[%emt 00:01:06]} 31. Qb4 {[%clk 00:41:27]} {[%emt 00:01:37]} Kh7
{[%clk 01:09:05]} {[%emt 00:01:32]} 32. Qb8 {[%clk 00:41:30]} {[%emt 00:00:32]}
Qxb8 {[%clk 01:09:23]} {[%emt 00:00:11]} 33. Rxb8 {[%clk 00:41:36]} {[%emt
00:00:25]} Nf7 {[%clk 01:07:48]} {[%emt 00:02:02]} 34. Bc2 {[%clk 00:39:15]}
{[%emt 00:02:54]} Ng5 {[%clk 01:07:51]} {[%emt 00:00:23]} 35. h4 {[%clk
00:38:59]} {[%emt 00:00:50]} Nf7 {[%clk 01:08:05]} {[%emt 00:00:15]} 36. g4
{[%clk 00:39:25]} {[%emt 00:00:05]} g6 {[%clk 01:08:13]} {[%emt 00:00:21]} 37.
gxf5 {[%clk 00:38:49]} {[%emt 00:01:07]} gxf5 {[%clk 01:08:04]} {[%emt
00:00:18]} 38. e4 {[%clk 00:39:17]} {[%emt 00:00:23]} fxe4 {[%clk 01:07:57]}
{[%emt 00:00:33]} 39. fxe4 {[%clk 00:39:45]} {[%emt 00:00:06]} dxe4 {[%clk
01:08:04]} {[%emt 00:00:22]} 40. Bxe4+ {[%clk 00:40:07]} {[%emt 00:00:09]} Kg7
{[%clk 01:07:57]} {[%emt 00:00:35]} 41. Rb7 {[%clk 00:40:23]} {[%emt 00:00:16]}
Rc8 {[%clk 01:07:41]} {[%emt 00:00:45]} 42. Rxa7 {[%clk 00:40:10]} {[%emt
00:00:44]} Rd8 {[%clk 01:07:48]} {[%emt 00:00:20]} 43. Ra4 {[%clk 00:39:38]}
{[%emt 00:01:05]} Rd7 {[%clk 01:07:45]} {[%emt 00:00:31]} 44. Rb4 {[%clk
00:38:55]} {[%emt 00:01:14]} Ra7 {[%clk 01:08:00]} {[%emt 00:00:14]} 45. a4
{[%clk 00:38:45]} {[%emt 00:00:43]} Rc7 {[%clk 01:07:59]} {[%emt 00:00:29]} 46.
a5 {[%clk 00:38:58]} {[%emt 00:00:17]} Ra7 {[%clk 01:08:17]} {[%emt 00:00:12]}
47. Rb5 {[%clk 00:39:21]} {[%emt 00:00:08]} Rc7 {[%clk 01:08:39]} {[%emt
00:00:08]} 48. Rb7 {[%clk 00:39:29]} {[%emt 00:00:23]} Rc8 {[%clk 01:08:58]}
{[%emt 00:00:11]} 49. a6 {[%clk 00:39:54]} {[%emt 00:00:05]} Ra8 {[%clk
01:09:20]} {[%emt 00:00:07]} 50. Rxf7+ {[%clk 00:40:19]} {[%emt 00:00:04]} Kxf7
{[%clk 01:09:28]} {[%emt 00:00:22]} 51. Bxa8 {[%clk 00:40:46]} {[%emt
00:00:04]} Ke7 {[%clk 01:09:45]} {[%emt 00:00:12]} 52. a7 {[%clk 00:41:11]}
{[%emt 00:00:06]} Kd7 {[%clk 01:10:09]} {[%emt 00:00:06]} 53. Bc6+ {[%clk
00:41:35]} {[%emt 00:00:06]} Kxc6 {[%clk 01:10:25]} {[%emt 00:00:14]} 54. a8=Q+
{[%clk 00:42:00]} {[%emt 00:00:06]} Kb5 {[%clk 01:10:37]} {[%emt 00:00:16]} 55.
Qb7+ {[%clk 00:42:16]} {[%emt 00:00:15]} Kc4 {[%clk 01:10:59]} {[%emt
00:00:06]} 56. c6 {[%clk 00:42:04]} {[%emt 00:00:43]} Kxd4 {[%clk 01:11:20]}
{[%emt 00:00:09]} 57. c7 {[%clk 00:42:19]} {[%emt 00:00:16]} Ke3 {[%clk
01:11:42]} {[%emt 00:00:06]} 58. c8=Q {[%emt 00:00:14]} Kd2 {[%clk 01:12:06]}
{[%emt 00:00:05]} 59. Qbd7+ {[%clk 00:42:46]} {[%emt 00:01:12]} Ke2 {[%clk
01:12:25]} {[%emt 00:00:11]} 60. Qc2+ {[%clk 00:43:09]} {[%emt 00:00:07]} Kf3
{[%clk 01:12:44]} {[%emt 00:00:09]} 61. Qf7+ {[%clk 00:43:23]} {[%emt
00:00:17]} Ke3 {[%clk 01:13:02]} {[%emt 00:00:10]} 62. Qff2# {[%clk 00:43:41]}
{[%emt 00:00:14]} 1-0

[Event "DEM U10w 2023"]
[Site "Willingen GER"]
[Date "2023.05.28"]
[Round "2"]
[White "Lange, Lene Marie"]
[Black "Heidtkamp, Anna"]
[Result "0-1"]
[Termination "normal"]
[Board "4"]
[WhiteElo "1168"]
[BlackElo "1352"]
[WhiteClock "01:02:36"]
[BlackClock "00:18:29"]
[PlyCount "118"]
[WhiteFideId "34639748"]
[BlackFideId "16269012"]
[EventCountry "GER"]
[EventRounds "11"]
[EventType "swiss"]
[EventDate "2023.05.27"]

1. d4 {[%clk 01:15:58]} {[%emt 00:00:01]} d5 {[%clk 01:15:56]} {[%emt
00:00:05]} 2. Bf4 {[%clk 01:16:15]} {[%emt 00:00:12]} Nf6 {[%clk 01:16:18]}
{[%emt 00:00:08]} 3. e3 {[%clk 01:16:29]} {[%emt 00:00:15]} e6 {[%clk
01:16:40]} {[%emt 00:00:09]} 4. c3 {[%clk 01:16:33]} {[%emt 00:00:26]} c5
{[%clk 01:17:00]} {[%emt 00:00:11]} 5. Nd2 {[%clk 01:16:43]} {[%emt 00:00:20]}
Nc6 {[%clk 01:17:14]} {[%emt 00:00:15]} 6. Ngf3 {[%clk 01:16:41]} {[%emt
00:00:32]} Bd6 {[%clk 01:17:14]} {[%emt 00:00:30]} 7. Bg3 {[%clk 01:16:30]}
{[%emt 00:00:42]} cxd4 {[%clk 01:12:54]} {[%emt 00:04:49]} 8. cxd4 {[%clk
01:16:00]} {[%emt 00:01:00]} Bxg3 {[%clk 01:12:31]} {[%emt 00:00:53]} 9. hxg3
{[%clk 01:16:00]} {[%emt 00:00:28]} Bd7 {[%clk 01:04:30]} {[%emt 00:08:32]} 10.
Bb5 {[%clk 01:13:30]} {[%emt 00:03:01]} Qb6 {[%clk 01:01:49]} {[%emt 00:03:11]}
11. Qa4 {[%clk 01:12:15]} {[%emt 00:01:38]} O-O {[%clk 00:58:21]} {[%emt
00:04:05]} 12. Bxc6 {[%clk 01:11:48]} {[%emt 00:00:56]} Bxc6 {[%clk 00:57:51]}
{[%emt 00:01:01]} 13. Qc2 {[%clk 01:11:47]} {[%emt 00:00:31]} Rfc8 {[%clk
00:53:54]} {[%emt 00:04:27]} 14. Rc1 {[%clk 01:11:25]} {[%emt 00:00:52]} Bd7
{[%clk 00:52:38]} {[%emt 00:01:46]} 15. Qb1 {[%clk 01:10:41]} {[%emt 00:01:13]}
Rxc1+ {[%clk 00:51:50]} {[%emt 00:01:19]} 16. Qxc1 {[%clk 01:10:47]} {[%emt
00:00:24]} Rc8 {[%clk 00:51:51]} {[%emt 00:00:30]} 17. Qb1 {[%clk 01:10:43]}
{[%emt 00:00:33]} Qc7 {[%clk 00:48:45]} {[%emt 00:03:36]} 18. O-O {[%clk
01:07:59]} {[%emt 00:03:14]} Bb5 {[%clk 00:39:25]} {[%emt 00:09:51]} 19. Re1
{[%clk 01:07:41]} {[%emt 00:00:45]} Ng4 {[%clk 00:35:18]} {[%emt 00:04:39]} 20.
Nb3 {[%clk 01:05:30]} {[%emt 00:02:42]} b6 {[%clk 00:31:54]} {[%emt 00:03:53]}
21. Rc1 {[%clk 01:03:42]} {[%emt 00:02:19]} Qd7 {[%clk 00:26:33]} {[%emt
00:05:50]} 22. Rxc8+ {[%clk 01:03:35]} {[%emt 00:00:37]} Qxc8 {[%clk 00:26:53]}
{[%emt 00:00:11]} 23. Ng5 {[%clk 01:02:10]} {[%emt 00:01:54]} g6 {[%clk
00:25:59]} {[%emt 00:01:24]} 24. Qd1 {[%clk 01:02:10]} {[%emt 00:00:30]} Nf6
{[%clk 00:25:39]} {[%emt 00:00:50]} 25. Qf3 {[%clk 01:02:22]} {[%emt 00:00:18]}
Qd8 {[%clk 00:24:03]} {[%emt 00:02:07]} 26. Nd2 {[%clk 01:02:13]} {[%emt
00:00:38]} Bd3 {[%clk 00:21:28]} {[%emt 00:03:04]} 27. e4 {[%clk 01:01:24]}
{[%emt 00:01:19]} dxe4 {[%clk 00:17:55]} {[%emt 00:04:04]} 28. Ndxe4 {[%clk
01:01:14]} {[%emt 00:00:40]} Bxe4 {[%clk 00:16:52]} {[%emt 00:01:32]} 29. Nxe4
{[%clk 01:01:34]} {[%emt 00:00:11]} Nxe4 {[%clk 00:17:16]} {[%emt 00:00:06]}
30. Qxe4 {[%clk 01:01:49]} {[%emt 00:00:14]} Qc8 {[%clk 00:14:27]} {[%emt
00:03:20]} 31. Kf1 {[%clk 01:01:48]} {[%emt 00:00:28]} Qc1+ {[%clk 00:14:40]}
{[%emt 00:00:20]} 32. Qe1 {[%clk 01:00:34]} {[%emt 00:01:44]} Qxb2 {[%clk
00:14:47]} {[%emt 00:00:22]} 33. Qe5 {[%clk 00:58:08]} {[%emt 00:02:50]} Qb1+
{[%clk 00:14:40]} {[%emt 00:00:45]} 34. Ke2 {[%clk 00:58:21]} {[%emt 00:00:17]}
Qxa2+ {[%clk 00:15:01]} {[%emt 00:00:08]} 35. Kf3 {[%clk 00:58:42]} {[%emt
00:00:09]} Qd5+ {[%clk 00:15:22]} {[%emt 00:00:09]} 36. Qxd5 {[%clk 00:58:21]}
{[%emt 00:00:51]} exd5 {[%clk 00:15:47]} {[%emt 00:00:05]} 37. Ke2 {[%clk
00:58:41]} {[%emt 00:00:10]} Kg7 {[%clk 00:16:12]} {[%emt 00:00:05]} 38. Kd3
{[%clk 00:59:05]} {[%emt 00:00:06]} Kf6 {[%clk 00:16:31]} {[%emt 00:00:11]} 39.
Kc3 {[%clk 00:59:25]} {[%emt 00:00:10]} Kf5 {[%clk 00:16:48]} {[%emt 00:00:12]}
40. Kb4 {[%clk 00:59:49]} {[%emt 00:00:07]} a6 {[%clk 00:17:11]} {[%emt
00:00:07]} 41. f3 {[%clk 00:59:25]} {[%emt 00:00:55]} g5 {[%clk 00:17:26]}
{[%emt 00:00:14]} 42. Ka4 {[%clk 00:59:29]} {[%emt 00:00:26]} g4 {[%clk
00:17:50]} {[%emt 00:00:06]} 43. Kb4 {[%clk 00:59:52]} {[%emt 00:00:07]} h5
{[%clk 00:17:50]} {[%emt 00:00:30]} 44. Ka4 {[%clk 01:00:16]} {[%emt 00:00:07]}
Ke6 {[%clk 00:17:53]} {[%emt 00:00:26]} 45. Kb4 {[%clk 01:00:31]} {[%emt
00:00:16]} Kd6 {[%clk 00:17:44]} {[%emt 00:00:38]} 46. Ka4 {[%clk 01:00:54]}
{[%emt 00:00:07]} b5+ {[%clk 00:17:45]} {[%emt 00:00:30]} 47. Ka5 {[%clk
01:01:13]} {[%emt 00:00:11]} Kc6 {[%clk 00:18:02]} {[%emt 00:00:12]} 48. fxg4
{[%clk 01:01:25]} {[%emt 00:00:17]} hxg4 {[%clk 00:18:21]} {[%emt 00:00:11]}
49. Kb4 {[%clk 01:01:49]} {[%emt 00:00:08]} Kd6 {[%clk 00:18:09]} {[%emt
00:00:42]} 50. Ka5 {[%clk 01:01:45]} {[%emt 00:00:34]} Ke6 {[%clk 00:18:26]}
{[%emt 00:00:13]} 51. Kb4 {[%clk 01:01:50]} {[%emt 00:00:25]} Kf5 {[%clk
00:18:42]} {[%emt 00:00:13]} 52. Kc5 {[%clk 01:02:11]} {[%emt 00:00:09]} Ke4
{[%clk 00:19:02]} {[%emt 00:00:10]} 53. Kb4 {[%clk 01:02:31]} {[%emt 00:00:10]}
Kxd4 {[%clk 00:19:23]} {[%emt 00:00:09]} 54. Kb3 {[%clk 01:02:26]} {[%emt
00:00:35]} Ke3 {[%clk 00:19:45]} {[%emt 00:00:08]} 55. Kc3 {[%clk 01:02:50]}
{[%emt 00:00:07]} d4+ {[%clk 00:20:08]} {[%emt 00:00:06]} 56. Kc2 {[%clk
01:03:14]} {[%emt 00:00:06]} Ke2 {[%clk 00:20:27]} {[%emt 00:00:11]} 57. Kb3
{[%clk 01:03:37]} {[%emt 00:00:07]} d3 {[%clk 00:20:52]} {[%emt 00:00:05]} 58.
Kb4 {[%clk 01:03:44]} {[%emt 00:00:23]} d2 {[%clk 00:18:45]} {[%emt 00:02:37]}
59. Ka5 {[%clk 01:02:36]} {[%emt 00:01:38]} d1=Q {[%clk 00:18:29]} {[%emt
00:00:46]} 0-1